000 00844nam a2200217Ii 4500
003 JO-AjNU
008 230605s9999||||xx |||||||||||||| ||und||
020 _a1-56564-332-1
040 _aJO-AjNU
_bara
_erda
_cJO-AjNU
041 _aara
050 1 4 _aBP819 2009
100 3 _aبلكا، إلياس,
_eauthor
_952491
245 0 0 _aالوجود بين السببية والنظام دراسة في الأساس الشرعي والفلسفي لإستشراق المستقبل
250 _aط1
264 3 1 _aفيرجينيا: المعهد العالمي للفكر الاسلامي، 2009
300 _a357ص
_bالمصادر والمراجع ص 349-357
336 _atext
_btxt
_2rdacontent
337 _aunmediated
_bn
_2rdamedia
338 _avolume
_bnc
_2rdacarrier
650 4 _aالتنبؤات- الفلسفة الاسلامية
_952492
999 _aA23255
_c26823
_d26823